Statystyki dla Państwa Europy Środkowej

Kliknij tutaj aby rozwiązać quiz!

Ogólne statystyki

  • Ten quiz został rozwiązany 18 razy
  • Średni wynik to 8 z 9

Statystyki odpowiedzi

LiteraPaństwo% Poprawnych
SŁOWASłowacja
100%
SŁOWESłowenia
100%
SZWAJSzwajcaria
100%
CCzechy
94%
PPolska
94%
WWęgry
94%
NNiemcy
88%
AAustria
81%
LLichtenstein
19%

Rozkład punktacji

Percentyl według liczby udzielonych odpowiedzi

Procent ludzi z każdym wynikiem

Twoja historia wyników

Nie rozwiązałeś tego quizu